<?xml version="1.0" encoding="UTF-8"?>
<record
    xmlns:xsi="http://www.w3.org/2001/XMLSchema-instance"
    xsi:schemaLocation="http://www.loc.gov/MARC21/slim http://www.loc.gov/standards/marcxml/schema/MARC21slim.xsd"
    xmlns="http://www.loc.gov/MARC21/slim">

  <leader>02312nam a22003017a 4500</leader>
  <controlfield tag="001">1602</controlfield>
  <controlfield tag="003">FISKH</controlfield>
  <controlfield tag="005">20260428161323.0</controlfield>
  <controlfield tag="008">230908b        cb ||||| |||| 00| 0 khr d</controlfield>
  <datafield tag="020" ind1=" " ind2=" ">
    <subfield code="a">9789995054694</subfield>
  </datafield>
  <datafield tag="040" ind1=" " ind2=" ">
    <subfield code="a">FISKH </subfield>
    <subfield code="b">eng</subfield>
    <subfield code="c">FISKH </subfield>
    <subfield code="d">FISKH </subfield>
  </datafield>
  <datafield tag="082" ind1=" " ind2=" ">
    <subfield code="a">636.2</subfield>
  </datafield>
  <datafield tag="100" ind1=" " ind2=" ">
    <subfield code="a">Khai, Chut </subfield>
  </datafield>
  <datafield tag="245" ind1=" " ind2=" ">
    <subfield code="a">&#x1780;&#x17BC;&#x1793;&#x1780;&#x17D2;&#x179A;&#x1794;&#x17B8; &#x1798;&#x1793;&#x17C4;&#x179F;&#x1789;&#x17D2;&#x1785;&#x17C1;&#x178F;&#x1793;&#x17B6; / </subfield>
    <subfield code="c">&#x1787;&#x17BB;&#x178F; &#x1781;&#x17C3;&#x200B; - &#x179A;&#x17BC;&#x1794;&#x1782;&#x17C6;&#x1793;&#x17BC;&#x179A;&#x178A;&#x17C4;&#x1799; &#x17D6; &#x1785;&#x17D0;&#x1793;&#x17D2;&#x1791; &#x179C;&#x17B7;&#x178F;&#x17D2;&#x1790;&#x17B6;&#x179A;&#x17B7;&#x1793; </subfield>
  </datafield>
  <datafield tag="250" ind1=" " ind2=" ">
    <subfield code="a">&#x1794;&#x17C4;&#x17C7;&#x1796;&#x17BB;&#x1798;&#x17D2;&#x1796;&#x179B;&#x17BE;&#x1780;&#x1791;&#x17B8; &#x17E5; &#x1781;&#x17C2;&#x179F;&#x17B8;&#x17A0;&#x17B6; &#x1786;&#x17D2;&#x1793;&#x17B6;&#x17C6;&#x200B;&#x17E2;&#x17E0;&#x17E2;&#x17E2;</subfield>
  </datafield>
  <datafield tag="260" ind1=" " ind2=" ">
    <subfield code="a">Phnom Penh : </subfield>
    <subfield code="b">Sipar, </subfield>
    <subfield code="c">2022.</subfield>
  </datafield>
  <datafield tag="300" ind1=" " ind2=" ">
    <subfield code="a">59 pages : </subfield>
    <subfield code="b">illustrations ; </subfield>
    <subfield code="c">19 cm</subfield>
  </datafield>
  <datafield tag="490" ind1=" " ind2=" ">
    <subfield code="a">&#x17A2;&#x1780;&#x17D2;&#x179F;&#x179F;&#x17B7;&#x179B;&#x17D2;&#x1794;&#x17CD;&#x1799;&#x17BB;&#x179C;&#x179C;&#x17D0;&#x1799;</subfield>
  </datafield>
  <datafield tag="505" ind1=" " ind2=" ">
    <subfield code="a">Z'
</subfield>
  </datafield>
  <datafield tag="520" ind1=" " ind2=" ">
    <subfield code="a">&#x1780;&#x17D2;&#x179A;&#x17C4;&#x1798;&#x1780;&#x17C6;&#x178A;&#x17C5;&#x1790;&#x17D2;&#x1784;&#x17C3;&#x1793;&#x17C3;&#x1781;&#x17C2;&#x17A7;&#x179F;&#x1797;&#x17B6; &#x1786;&#x17D2;&#x1793;&#x17B6;&#x17C6; &#x17E1;&#x17E9;&#x17E7;&#x17E8;... &#x1794;&#x1793;&#x17D2;&#x1791;&#x17B6;&#x1794;&#x17CB;&#x1796;&#x17B8;&#x1794;&#x17B6;&#x1793;&#x1792;&#x17D2;&#x179C;&#x17BE;&#x178A;&#x17C6;&#x178E;&#x17BE;&#x179A;&#x1799;&#x17C9;&#x17B6;&#x1784;&#x1799;&#x17BC;&#x179A;&#x1786;&#x17D2;&#x179B;&#x1784;&#x1780;&#x17B6;&#x178F;&#x17CB;&#x178F;&#x17C6;&#x1794;&#x1793;&#x17CB;&#x1787;&#x17B6;&#x1785;&#x17D2;&#x179A;&#x17BE;&#x1793;&#x178A;&#x17C2;&#x179B;&#x1793;&#x17C5;&#x1781;&#x17B6;&#x1784;&#x1780;&#x17BE;&#x178F;&#x178A;&#x1784;&#x1791;&#x1793;&#x17D2;&#x179B;&#x17C1;&#x1798;&#x17C1;&#x1782;&#x1784;&#x17D2;&#x1782;&#x1798;&#x1780; &#x179B;&#x17C4;&#x1780; &#x1787;&#x17BB;&#x178F; &#x1781;&#x17C3; &#x1793;&#x17B7;&#x1784;&#x1782;&#x17D2;&#x179A;&#x17BD;&#x179F;&#x17B6;&#x179A;&#x1780;&#x17CF;&#x1791;&#x17C5;&#x178A;&#x179B;&#x17CB;&#x1797;&#x17BC;&#x1798;&#x17B7;&#x1798;&#x17BD;&#x1799;&#x178A;&#x17C2;&#x179B;&#x1796;&#x17D2;&#x179A;&#x1798;&#x1791;&#x1791;&#x17BD;&#x179B;&#x17B3;&#x17D2;&#x1799;&#x1796;&#x1799;&#x1780;&#x1782;&#x17B6;&#x178F;&#x17CB;&#x179F;&#x17D2;&#x1793;&#x17B6;&#x1780;&#x17CB;&#x1793;&#x17C5;&#x17D4; &#x1793;&#x17B8;&#x1793;&#x17B8;&#x178F;&#x17B6; &#x1780;&#x17BC;&#x1793;&#x179F;&#x17D2;&#x179A;&#x17B8;&#x1785;&#x17D2;&#x1794;&#x1784; &#x179A;&#x1794;&#x179F;&#x17CB;&#x1782;&#x17B6;&#x178F;&#x17CB; &#x1780;&#x17B6;&#x179B;&#x178E;&#x17C4;&#x17C7;&#x1798;&#x17B6;&#x1793;&#x17A2;&#x17B6;&#x1799;&#x17BB;&#x1791;&#x17BE;&#x1794;&#x178F;&#x17C2;&#x17E9;&#x1786;&#x17D2;&#x1793;&#x17B6;&#x17C6; &#x178F;&#x17D2;&#x179A;&#x17BC;&#x179C;&#x1798;&#x17BE;&#x179B;&#x1780;&#x17BC;&#x1793;&#x1780;&#x17D2;&#x179A;&#x1794;&#x17B8;&#x1798;&#x17BD;&#x1799;&#x1788;&#x17D2;&#x1798;&#x17C4;&#x17C7; &#x17A2;&#x17B6;&#x1789;&#x17C9;&#x17B7; &#x178A;&#x17C2;&#x179B;&#x1780;&#x17D2;&#x179A;&#x17C4;&#x1799;&#x1798;&#x1780;&#x1780;&#x17D2;&#x179B;&#x17B6;&#x1799;&#x1787;&#x17B6;&#x1798;&#x17B7;&#x178F;&#x17D2;&#x178F;&#x1793;&#x17B6;&#x1784;&#x200B;&#x17A0;&#x17BE;&#x1799;&#x178A;&#x17BE;&#x179A;&#x178F;&#x17B6;&#x1798;&#x1793;&#x17B6;&#x1784;&#x1782;&#x17D2;&#x179A;&#x1794;&#x17CB;&#x1791;&#x17B7;&#x179F;&#x1791;&#x17B8;&#x17D4; </subfield>
  </datafield>
  <datafield tag="520" ind1=" " ind2=" ">
    <subfield code="a">In the heat of May 1978 ... After a long journey through many areas east of the Mekong River, Chut Khay and his family arrived at a village that accepted him. Ninita, his eldest daughter, was only nine years old when she had to look after a buffalo named Anh, who later became her friend and followed her everywhere.</subfield>
  </datafield>
  <datafield tag="521" ind1="8" ind2=" ">
    <subfield code="a">920
</subfield>
    <subfield code="b">Lexile estimate
</subfield>
  </datafield>
  <datafield tag="521" ind1="8" ind2=" ">
    <subfield code="a">Z'
</subfield>
    <subfield code="b">Raz-Plus
</subfield>
  </datafield>
  <datafield tag="650" ind1=" " ind2=" ">
    <subfield code="a">&#x178A;&#x17C6;&#x178E;&#x17BE;&#x179A;&#x1795;&#x17D2;&#x179F;&#x1784;&#x1796;&#x17D2;&#x179A;&#x17C1;&#x1784; </subfield>
    <subfield code="v">&#x1798;&#x17BE;&#x179B;&#x1790;&#x17C2; </subfield>
    <subfield code="x">&#x1798;&#x17B7;&#x178F;&#x17D2;&#x178F; </subfield>
  </datafield>
  <datafield tag="650" ind1=" " ind2=" ">
    <subfield code="a">Adventure </subfield>
    <subfield code="v">Look after </subfield>
    <subfield code="x">Friend </subfield>
  </datafield>
  <datafield tag="700" ind1=" " ind2=" ">
    <subfield code="a">Vitharin, Chan </subfield>
    <subfield code="e">illustrator </subfield>
  </datafield>
  <datafield tag="942" ind1=" " ind2=" ">
    <subfield code="2">ddc</subfield>
    <subfield code="c">BK</subfield>
    <subfield code="n">0</subfield>
  </datafield>
  <datafield tag="999" ind1=" " ind2=" ">
    <subfield code="c">1602</subfield>
    <subfield code="d">1602</subfield>
  </datafield>
  <datafield tag="952" ind1=" " ind2=" ">
    <subfield code="0">0</subfield>
    <subfield code="1">0</subfield>
    <subfield code="2">ddc</subfield>
    <subfield code="4">0</subfield>
    <subfield code="7">0</subfield>
    <subfield code="8">KH</subfield>
    <subfield code="a">002</subfield>
    <subfield code="b">002</subfield>
    <subfield code="c">SKB</subfield>
    <subfield code="d">2023-09-11</subfield>
    <subfield code="l">1</subfield>
    <subfield code="o">KHA 636.2</subfield>
    <subfield code="p">2023-0549</subfield>
    <subfield code="r">2026-04-21 08:06:23</subfield>
    <subfield code="s">2026-04-10</subfield>
    <subfield code="t">1</subfield>
    <subfield code="w">2023-09-11</subfield>
    <subfield code="y">KHB</subfield>
  </datafield>
  <datafield tag="952" ind1=" " ind2=" ">
    <subfield code="0">0</subfield>
    <subfield code="1">0</subfield>
    <subfield code="2">ddc</subfield>
    <subfield code="4">0</subfield>
    <subfield code="7">0</subfield>
    <subfield code="8">KH</subfield>
    <subfield code="a">001</subfield>
    <subfield code="b">001</subfield>
    <subfield code="c">KHRS</subfield>
    <subfield code="d">2023-09-11</subfield>
    <subfield code="l">0</subfield>
    <subfield code="o">KHA 636.2</subfield>
    <subfield code="p">2023-0550</subfield>
    <subfield code="r">2023-09-11 08:21:02</subfield>
    <subfield code="t">2</subfield>
    <subfield code="w">2023-09-11</subfield>
    <subfield code="y">KHB</subfield>
  </datafield>
  <datafield tag="952" ind1=" " ind2=" ">
    <subfield code="0">0</subfield>
    <subfield code="1">0</subfield>
    <subfield code="2">ddc</subfield>
    <subfield code="4">0</subfield>
    <subfield code="7">0</subfield>
    <subfield code="8">KH</subfield>
    <subfield code="a">001</subfield>
    <subfield code="b">001</subfield>
    <subfield code="c">KHRS</subfield>
    <subfield code="d">2023-09-11</subfield>
    <subfield code="l">1</subfield>
    <subfield code="o">KHA 636.2</subfield>
    <subfield code="p">FISTK03688</subfield>
    <subfield code="r">2026-01-05 11:12:26</subfield>
    <subfield code="s">2025-11-10</subfield>
    <subfield code="t">3</subfield>
    <subfield code="w">2023-09-11</subfield>
    <subfield code="y">KHB</subfield>
  </datafield>
  <datafield tag="952" ind1=" " ind2=" ">
    <subfield code="0">0</subfield>
    <subfield code="1">0</subfield>
    <subfield code="2">ddc</subfield>
    <subfield code="4">0</subfield>
    <subfield code="7">0</subfield>
    <subfield code="8">KH</subfield>
    <subfield code="a">001</subfield>
    <subfield code="b">001</subfield>
    <subfield code="c">OKHR</subfield>
    <subfield code="d">2024-06-27</subfield>
    <subfield code="l">0</subfield>
    <subfield code="o">KHA 636.2</subfield>
    <subfield code="p">FISTK03689</subfield>
    <subfield code="r">2024-06-27 13:55:17</subfield>
    <subfield code="t">4</subfield>
    <subfield code="w">2024-06-27</subfield>
    <subfield code="y">KHB</subfield>
  </datafield>
  <datafield tag="952" ind1=" " ind2=" ">
    <subfield code="0">0</subfield>
    <subfield code="1">0</subfield>
    <subfield code="2">ddc</subfield>
    <subfield code="4">0</subfield>
    <subfield code="7">0</subfield>
    <subfield code="8">KH</subfield>
    <subfield code="a">001</subfield>
    <subfield code="b">001</subfield>
    <subfield code="c">SKB</subfield>
    <subfield code="d">2024-06-27</subfield>
    <subfield code="l">1</subfield>
    <subfield code="o">KHA 636.2</subfield>
    <subfield code="p">FIS00107</subfield>
    <subfield code="r">2025-03-11 17:01:01</subfield>
    <subfield code="s">2025-03-11</subfield>
    <subfield code="t">5</subfield>
    <subfield code="w">2024-06-27</subfield>
    <subfield code="y">KHB</subfield>
  </datafield>
  <datafield tag="952" ind1=" " ind2=" ">
    <subfield code="0">0</subfield>
    <subfield code="1">0</subfield>
    <subfield code="2">ddc</subfield>
    <subfield code="4">0</subfield>
    <subfield code="7">0</subfield>
    <subfield code="8">KH</subfield>
    <subfield code="a">001</subfield>
    <subfield code="b">001</subfield>
    <subfield code="c">SKB</subfield>
    <subfield code="d">2024-06-27</subfield>
    <subfield code="l">1</subfield>
    <subfield code="o">KHA 636.2</subfield>
    <subfield code="p">FIS00056</subfield>
    <subfield code="r">2025-03-11 16:28:27</subfield>
    <subfield code="s">2025-03-11</subfield>
    <subfield code="t">6</subfield>
    <subfield code="w">2024-06-27</subfield>
    <subfield code="y">KHB</subfield>
  </datafield>
  <datafield tag="952" ind1=" " ind2=" ">
    <subfield code="0">0</subfield>
    <subfield code="1">0</subfield>
    <subfield code="2">ddc</subfield>
    <subfield code="4">0</subfield>
    <subfield code="7">0</subfield>
    <subfield code="8">KH</subfield>
    <subfield code="a">002</subfield>
    <subfield code="b">002</subfield>
    <subfield code="c">TTP Khmer</subfield>
    <subfield code="d">2025-03-11</subfield>
    <subfield code="l">0</subfield>
    <subfield code="o">KHA 636.2</subfield>
    <subfield code="p">2025-0746</subfield>
    <subfield code="r">2025-03-07 09:45:27</subfield>
    <subfield code="t">7</subfield>
    <subfield code="w">2025-03-11</subfield>
    <subfield code="y">KHB</subfield>
  </datafield>
</record>
